|
|
|
|
| LEADER |
01114pam a2200253 i 4500 |
| 001 |
1559185 |
| 003 |
GR-PaULI |
| 005 |
20210117210853.0 |
| 008 |
190404s1993 njugh g b 001 0deng d |
| 952 |
|
|
|0 0
|1 0
|2 ddc
|4 0
|6 780_920000000000000_MUS
|7 0
|9 231225
|a THST
|b THST
|d 2019-04-03
|i 003524
|l 0
|o 780.92 MUS
|p 025000016957
|r 2019-04-03 00:00:00
|t 1
|v 2019.00
|w 2019-04-03
|y BK15
|
| 999 |
|
|
|c 140461
|d 140461
|
| 010 |
|
|
|a 92012124
|
| 020 |
|
|
|a 0691091471
|
| 040 |
|
|
|a DLC
|c DLC
|d DLC
|d GR-PaULI
|b gre
|e AACR2
|
| 082 |
0 |
0 |
|a 780.92
|2 23
|
| 100 |
1 |
|
|a Taruskin, Richard.
|e συγγραφέας
|
| 245 |
1 |
0 |
|a Musorgsky :
|b eight essays and an epilogue /
|c by Richard Taruskin.
|
| 260 |
|
|
|a Princeton, N.J. :
|b Princeton University Press,
|c c1993.
|
| 300 |
|
|
|a xxxiv, 415 σ. :
|b μουσ. ;
|c 25 εκ.
|
| 504 |
|
|
|a Περιλαμβάνει βιβλιογραφία και ευρετήριο.
|
| 600 |
1 |
4 |
|a Mussorgsky, Modest Petrovich,
|d 1839-1881
|x Ερμηνεία και κριτική.
|9 175011
|
| 856 |
4 |
2 |
|3 Publisher description
|u http://www.loc.gov/catdir/description/prin031/92012124.html
|
| 942 |
|
|
|2 ddc
|c BK15
|
| 998 |
|
|
|c MANIA
|d 2019-04
|